Nositel Nobelovy ceny za ekonomii 1987

Stručná informácia o nositeľovi Nobelovej ceny z roku 1987 (Robert Merton Solow) za priekopnícke práce v oblasti teórie ekonomického rastu.

Salvato in:
Dettagli Bibliografici
Autore principale: Sirůček, Pavel
Natura: Capitolo di libro
Lingua:ceco
Soggetti:
Tags: Aggiungi Tag
Nessun Tag, puoi essere il primo ad aggiungerne!!

MARC

LEADER 00000naa$a2200000$$$4500
001 0065721
005 20231116104349.7
041 0 |a cze 
044 |a CZ 
245 1 0 |a Nositel Nobelovy ceny za ekonomii 1987  |c Pavel Sirůček 
520 |a Stručná informácia o nositeľovi Nobelovej ceny z roku 1987 (Robert Merton Solow) za priekopnícke práce v oblasti teórie ekonomického rastu. 
610 2 0 |a teórie rastu hospodárskeho 
610 2 0 |a Solow, R. 
610 2 0 |a 1987 
610 2 0 |a Nobelova cena 
610 2 0 |a veda ekonomická 
100 1 |a Sirůček, Pavel